000 00336nam a2200097Ia 4500
005 20250424112844.0
008 250424s9999 xx 000 0 und d
300 _aiv. , 167 p. ; 25 cm.
650 _aDevelopment economics--Periodicals. Industrial management--Nigeria--Periodicals. Nigeria--Economic policy--Periodicals.
942 _cSR
999 _c37527
_d37527